Carregant...

Educational and psychological measurement

Dades bibliogràfiques
Autor principal: Payne, D A
Format: Printed Book
Idioma:English
Matèries:
LEADER 00361nam a2200109Ia 4500
008 101008s9999 xx 000 0 eng d
100 |a Payne, D A 
245 |a Educational and psychological measurement 
650 |a Educational Psychology 
942 |c BK 
999 |c 180538  |d 180538 
952 |0 0  |1 0  |4 0  |7 0  |9 199830  |a EDU  |b EDU  |c ST1  |d 2010-10-20  |i 1989  |l 0  |p EDU1989  |r 2018-08-29  |w 2018-08-29  |y BK